Modely obchodu s elektřinou ve světle probíhající transformace energetických trhů

Flexibilné obchodné kontrakty s elektrinou. Spôsoby a modely obchodu s elektrickou energiou. Smart Metering. Digitalizácia a automatizácia predávaných informácií o obchodných vzťahoch medzi účastníkmi trhu. Zelená elektrina. Power Purchase Agreements (PPA). Zdieľanie vyrobenej elektriny a priame aut...

Full description

Saved in:
Bibliographic Details
Main Author: Doucha, Pavel
Format: Book Chapter
Language:Czech
Subjects:
Tags: Add Tag
No Tags, Be the first to tag this record!

MARC

LEADER 00000naa a2200000 4500
001 0268739
005 20200928102552.4
041 0 |a cze 
044 |a CZ 
245 1 0 |a Modely obchodu s elektřinou ve světle probíhající transformace energetických trhů  |c Pavel Doucha 
520 |a Flexibilné obchodné kontrakty s elektrinou. Spôsoby a modely obchodu s elektrickou energiou. Smart Metering. Digitalizácia a automatizácia predávaných informácií o obchodných vzťahoch medzi účastníkmi trhu. Zelená elektrina. Power Purchase Agreements (PPA). Zdieľanie vyrobenej elektriny a priame automatizované obchodovanie. 
610 2 0 |a elektroenergetika 
610 2 0 |a digitalizácia 
610 2 0 |a obchod 
610 2 0 |a elektrina 
610 2 0 |a trh energetický 
610 2 0 |a Česko 
100 1 |a Doucha, Pavel